000 00636nam0a22002291 4500
001 RU\NLR\BIBL_A\022449289
005 20250626000612.0
035 _a(NLR Aleph) 022449289
090 _a13356840
_c13356840
100 _a20250207d1959 |||y0rusy50 ca
101 0 _arus
_cchi
102 _aRU
105 _ay z|||000ay
200 1 _aТюремные Записки
_fФан Чжи-Минь
210 _aМ.
_cГосполитиздат
_d1959
215 _a104 с.
700 1 _aФан
_bЧ.-М.
_gЧжи-Минь
_4070
852 _aNLR
_bОЛСАА-сл-спр
_j2-1504
942 _cBOOK
980 1 _aSL_SPR
980 _aNB